Nafḥ al-ṭīb min ghuṣn al-Andalus al-raṭīb wa-dhikr wazīrihā Lisān al-Dīn ibn al-Khaṭīb /
محفوظ في:
المؤلف الرئيسي:
مؤلفون آخرون:
التنسيق: كتاب
اللغة: Arabic
منشور في:
[al-Qāhirah] :
Maṭbaʻat al-Saʻādah,
1949.
الموضوعات:
الوسوم: إضافة وسم
لا توجد وسوم, كن أول من يضع وسما على هذه التسجيلة!
رقم الطلب: DP101 .M2 v.1-10
| LEADER | 02469nam a2200313Ia 4500 | ||
|---|---|---|---|
| 003 | OSt | ||
| 005 | 20230306102921.0 | ||
| 008 | 130303s1949 ua 000 0 ara d | ||
| 952 | |0 0 |1 0 |2 lcc |3 V.1-2 |4 0 |6 DP0101 M2 V.00001-00010 |7 1 |9 45738 |a ARCE |b ARCE |d 2023-03-06 |l 0 |o DP101 .M2 v.1-10 |p 1027961 |r 2023-03-06 00:00:00 |w 2023-03-06 |y BK | ||
| 952 | |0 0 |1 0 |2 lcc |3 V.3-4 |4 0 |6 DP0101 M2 V.00001-00010 |7 1 |9 63669 |a ARCE |b ARCE |d 2024-03-03 |l 0 |o DP101 .M2 v.1-10 |p 1027962 |r 2024-03-03 00:00:00 |w 2024-03-03 |y BK | ||
| 952 | |0 0 |1 0 |2 lcc |3 V.5-6 |4 0 |6 DP0101 M2 V.00001-00010 |7 1 |9 63671 |a ARCE |b ARCE |d 2024-03-03 |l 0 |o DP101 .M2 v.1-10 |p 1027963 |r 2024-03-03 00:00:00 |w 2024-03-03 |y BK | ||
| 952 | |0 0 |1 0 |2 lcc |3 V.7-8 |4 0 |6 DP0101 M2 V.00001-00010 |7 1 |9 63672 |a ARCE |b ARCE |d 2024-03-03 |l 0 |o DP101 .M2 v.1-10 |p 1027964 |r 2024-03-03 00:00:00 |w 2024-03-03 |y BK | ||
| 952 | |0 0 |1 0 |2 lcc |3 V.9-10 |4 0 |6 DP0101 M2 V.00001-00010 |7 1 |9 63673 |a ARCE |b ARCE |d 2024-03-03 |l 0 |o DP101 .M2 v.1-10 |p 1027965 |r 2024-03-03 00:00:00 |w 2024-03-03 |y BK | ||
| 999 | |c 26603 |d 26603 | ||
| 040 | |c ARCE Library | ||
| 043 | |a e-sp--- | ||
| 050 | 4 | |a DP101 .M2 v.1-10 | |
| 100 | 1 | |6 880-01 |a Maqqarī, Aḥmad ibn Muḥammad, |d -1631 or 1632, |e author |9 35358 | |
| 245 | 1 | 0 | |6 880-02 |a Nafḥ al-ṭīb min ghuṣn al-Andalus al-raṭīb wa-dhikr wazīrihā Lisān al-Dīn ibn al-Khaṭīb / |c taʼlīf Aḥmad ibn Muḥammad al-Maqqarī al-Tilimsānī ; ḥaqqaqaha wa-ḍabaṭa gharāʼibihi wa-ʻallaqa ḥawāshīhi Muḥammad Muḥyī al-Dīn ʻAbd al-Ḥamīd. |
| 264 | 1 | |a [al-Qāhirah] : |b Maṭbaʻat al-Saʻādah, |c 1949. | |
| 300 | |a 10 volumes ; |c 25 cm. | ||
| 600 | 0 | 0 | |a Ibn al-Khaṭīb, |d 1313-1374. |
| 650 | 0 | |a Arabs |z Spain. | |
| 651 | 0 | |a Spain |x History |y 711-1516. | |
| 700 | 1 | |a ʿAbd al-Ḥamīd, Muḥammad Muḥyī al-Dīn. | |
| 880 | 1 | |6 100-01/(3/r |a مقري ، أحمد بن محمد، |d -1631 أو 1632. | |
| 880 | 1 | 0 | |6 245-02/(3/r |a نفح الطيب من غصن الأندلس الرطيب و ذكر وزيرها لسان الدين الخطيب |c تأليف أحمد بن محمد المقري التلمساني ؛ حققه و ضبط غرائبه و علق حواشيه محمد محيي الدين عبد الحميد |
| 901 | |a reviewed | ||
| 942 | |c BK |2 lcc | ||
